Sears list of subject headings / (Record no. 525)
[ view plain ]
| 000 -LEADER | |
|---|---|
| fixed length control field | 00854cam a2200289 u 4500 |
| 001 - CONTROL NUMBER | |
| control field | 525 |
| 003 - CONTROL NUMBER IDENTIFIER | |
| rucl marc code | BD-RjUL |
| 005 - DATE AND TIME OF LATEST TRANSACTION | |
| control field | 20211208233208.0 |
| 008 - FIXED-LENGTH DATA ELEMENTS--GENERAL INFORMATION | |
| fixed length control field | 131123s1954 nyu|||||||||||||0 ||eng|d |
| 035 ## - SYSTEM CONTROL NUMBER | |
| System control number | (BD-RjUL)542 |
| System control number | (OCoLC)ocm20653304 |
| -- | (BD-RjUL)542 |
| System control number | (CStRLIN)NYCG86-B100874 |
| System control number | (BD-RjUL) |
| System control number | (NNC)405995 |
| 040 ## - CATALOGING SOURCE | |
| Original cataloging agency | BD-RjUL |
| Language of cataloging | eng |
| Transcribing agency | BD-RjUL |
| Modifying agency | BD-RjUL |
| 041 ## - LANGUAGE CODE | |
| Language code of text/sound track or separate title | eng |
| 082 ## - DEWEY DECIMAL CLASSIFICATION NUMBER | |
| Edition number | 19 |
| Classification number | 025.49 |
| Author mark and year | SES 1954 |
| 100 1# - MAIN ENTRY--PERSONAL NAME | |
| Personal name | Sears, Minnie Earl, |
| Dates associated with a name | 1873-1933. |
| 9 (RLIN) | 1624 |
| 245 10 - TITLE STATEMENT | |
| Title | Sears list of subject headings / |
| Statement of responsibility, etc. | Minne Earl Seaes. |
| 250 ## - EDITION STATEMENT | |
| Edition statement | 7th ed. |
| 260 ## - PUBLICATION, DISTRIBUTION, ETC. (IMPRINT) | |
| Place of publication, distribution, etc. | New York: |
| Name of publisher, distributor, etc. | H. W. Wilson Co., |
| Date of publication, distribution, etc. | 1954 |
| 300 ## - PHYSICAL DESCRIPTION | |
| Pagination | xxx, 589 p. ; |
| Size | 26 cm. |
| 650 #0 - SUBJECT ADDED ENTRY--TOPICAL TERM | |
| Topical term or geographic name as entry element | Subject headings. |
| 9 (RLIN) | 1585 |
| 700 1# - ADDED ENTRY--PERSONAL NAME | |
| Personal name | Frick, Bertha Margaret, |
| Dates associated with a name | 1894-1975, |
| Relator term | editor. |
| 942 ## - ADDED ENTRY ELEMENTS (KOHA) | |
| Source of classification or shelving scheme | Dewey Decimal Classification |
| Koha item type | Books |
| Lost status | Source of classification or shelving scheme | Damaged status | Not for loan | Collection code | Permanent Location | Current Location | Shelving location | Date acquired | Source of acquisition | Total Checkouts | Full call number | Date last seen | Copy number | Koha item type |
|---|---|---|---|---|---|---|---|---|---|---|---|---|---|---|
| Dewey Decimal Classification | Non-fiction | Central Library, University of Rajshahi | Central Library, University of Rajshahi | 20/04/1957 | U.S.I.S Dhaka | 025.47 SES 1954 | 18/11/2013 | C-3 | Books |